Head First Python : A Brain-Friendly Guide /
Contiene: 1) Conceptos básicos; 2) Listado de datos; 3) Datos estructurados; 4) Reutilización de códigos; 5) Creación de una aplicación Web; 6) Almacenamiento y manipulación de datos; 7) Uso de una base de datos; 8) Un poco de clase; 9) Protocolo de administración de contexto; 10) Decoradores de fun...
Na minha lista:
| Autor principal: | |
|---|---|
| Formato: | Livro |
| Idioma: | inglês |
| Publicado em: |
Sebastopol, EUA :
O'Reilly,
2017, c2017
|
| Edição: | 2a edición |
| Assuntos: | |
| Acesso em linha: | Ver documento en línea |
| Tags: |
Sem tags, seja o primeiro a adicionar uma tag!
|
MARC
| LEADER | 00000nam^a2200000^a^4500 | ||
|---|---|---|---|
| 001 | 000410471 | ||
| 005 | 20251023000000.0 | ||
| 009 | 20260310122048.115 | ||
| 020 | |a 978-1-491-91951-4 | ||
| 037 | |a Acervo ITESO - Biblioteca | ||
| 041 | |a ING | ||
| 082 | |a 005. 133 |b BAR | ||
| 100 | |a Barry, Paul |e (autor) | ||
| 245 | 1 | 0 | |a Head First Python : |b A Brain-Friendly Guide / |c P. Barry. |
| 250 | |a 2a edición | ||
| 264 | 4 | |a Sebastopol, EUA : |b O'Reilly, |c 2017, c2017 | |
| 264 | 2 | |a Birmingham, EUA : |b EBSCOhost [distribución], |c 2017 | |
| 300 | |a 1 libro electrónico en línea (XXXVIII, 584 p.) | ||
| 300 | |a 1 recurso en línea | ||
| 336 | |a datos para computadora |b cod |2 rdacontenido | ||
| 337 | |a computadora |b c |2 rdamedio | ||
| 338 | |a recurso en línea |b cr |2 rdasoporte | ||
| 506 | 1 | |a 1 licencia | |
| 520 | |a Contiene: 1) Conceptos básicos; 2) Listado de datos; 3) Datos estructurados; 4) Reutilización de códigos; 5) Creación de una aplicación Web; 6) Almacenamiento y manipulación de datos; 7) Uso de una base de datos; 8) Un poco de clase; 9) Protocolo de administración de contexto; 10) Decoradores de funciones; 11) Manejo de excepciones; 11) Un poco de subprocesos; 12) Iteración avanzada. | ||
| 521 | |a Peticiones 2019 | ||
| 530 | |a Existe una edición en formato impreso con el mismo título | ||
| 649 | |a XX | ||
| 650 | |a Lenguajes de Programación - |x Tema Principal | ||
| 650 | |a Programación Orientada a Objetos | ||
| 650 | |a Programación (Software) | ||
| 650 | |a Desarrollo de Sistemas | ||
| 650 | |a Sistemas Computacionales | ||
| 650 | |a Ingeniería Computacional | ||
| 856 | 4 | 0 | |u https://ezproxy.iteso.mx/login?url=https://search.ebscohost.com/login.aspx?direct=true&scope=site&db=nlebk&db=nlabk&AN=1425082 |y Ver documento en línea |
| 910 | |a Fondo General | ||
| 920 | |a Electrónicos - Libros en Línea | ||
| 930 | |a Plataforma Digital | ||
| 905 | |a 205 | ||
| 901 | |a 410471 |b IT2 |c EBO |i C164922 |u 20250521 | ||
| 902 | |a https://opac.biblio.iteso.mx/vufind/Record/000410471 | ||